The secret blog of Raisin Rodriguez

Bibliographic Details
Main Author: Goldschmidt, Judy
Format: Book
Published: New York : Razorbill , 2005
Subjects:

MARC

LEADER 00000cam a2200000 7i4500
001 0000011323
005 20160330.0
008 071113
020 |a 1595140719 
090 0 0 |a GOL   |b ENG (8813) 
100 1 |a Goldschmidt, Judy 
245 1 4 |a The secret blog of Raisin Rodriguez   |c Judy Goldschmidt 
260 |a New York :   |b Razorbill ,   |c 2005 
500 |a Teenager ages 13-18 years old (blue) 
650 0 |a English fiction 
650 0 |a Interpersonal relations   |x Fiction 
650 0 |a Novel 
650 0 |a Schools   |x Fiction 
650 0 |a Weblogs   |x Fiction 
999 |a 0000998658   |b Book   |c Teenagers   |e Perbadanan Perpustakaan Awam Johor 
999 |a 0000998659   |b Book   |c Teenagers   |e Perbadanan Perpustakaan Awam Johor